La opinión pública y la propaganda / (Record no. 27798)

MARC details
000 -LEADER
campo de control de longitud fija 01056ntaaa2200313 4500
003 - IDENTIFICADOR DE NÚMERO DE CONTROL
campo de control 01
005 - FECHA Y HORA DE LA ÚLTIMA TRANSACCIÓN
campo de control 20251027203231.0
008 - DATOS DE LONGITUD FIJA--INFORMACIÓN GENERAL
campo de control de longitud fija 0714s1973 ag 01
040 ## - FUENTE DE CATALOGACIÓN
Centro catalogador/agencia de origen AR-BaBN
Lengua de catalogación spa
Centro/agencia transcriptor AR-BaBN
Normas de descripción aacr
Centro/agencia modificador RIC
082 ## - NÚMERO DE LA CLASIFICACIÓN DECIMAL DEWEY
Número de clasificación 303.38 Y8
245 ## - MENCIÓN DEL TÍTULO
Título La opinión pública y la propaganda /
Mención de responsabilidad, etc. K. Young
260 ## - PUBLICACIÓN, DISTRIBUCIÓN, ETC.
Lugar de publicación, distribución, etc. Buenos Aires :
Nombre del editor, distribuidor, etc. Paidós,
Fecha de publicación, distribución, etc. [1967]
300 ## - DESCRIPCIÓN FÍSICA
Extensión 242 p
490 ## - MENCIÓN DE SERIE
Mención de serie Biblioteca del hombre contemporáneo ;
Designación de volumen o secuencia 190
505 ## - NOTA DE CONTENIDO CON FORMATO
Título Opinión pública /
Mención de responsabilidad K. Young
505 ## - NOTA DE CONTENIDO CON FORMATO
Título La opinión pública /
Mención de responsabilidad W. J. H. Sprott
505 ## - NOTA DE CONTENIDO CON FORMATO
Título Surgimiento y crisis de la noción de opinión pública /
Mención de responsabilidad G. Germani
505 ## - NOTA DE CONTENIDO CON FORMATO
Título Los medios de formación de la opinión /
Mención de responsabilidad K. Young
505 ## - NOTA DE CONTENIDO CON FORMATO
Título La propaganda /
Mención de responsabilidad K. Young
650 ## - PUNTO DE ACCESO ADICIONAL DE MATERIA--TÉRMINO DE MATERIA
Término de materia o nombre geográfico como elemento de entrada COMPORTAMIENTO SOCIAL
9 (RLIN) 34660
650 ## - PUNTO DE ACCESO ADICIONAL DE MATERIA--TÉRMINO DE MATERIA
Término de materia o nombre geográfico como elemento de entrada COMUNICACION SOCIAL
9 (RLIN) 11764
650 ## - PUNTO DE ACCESO ADICIONAL DE MATERIA--TÉRMINO DE MATERIA
Término de materia o nombre geográfico como elemento de entrada COMUNICACION AUDIOVISUAL
9 (RLIN) 34661
650 ## - PUNTO DE ACCESO ADICIONAL DE MATERIA--TÉRMINO DE MATERIA
Término de materia o nombre geográfico como elemento de entrada PROPAGANDA POLITICA
9 (RLIN) 34662
650 ## - PUNTO DE ACCESO ADICIONAL DE MATERIA--TÉRMINO DE MATERIA
Término de materia o nombre geográfico como elemento de entrada OPINION PUBLICA
9 (RLIN) 34663
650 ## - PUNTO DE ACCESO ADICIONAL DE MATERIA--TÉRMINO DE MATERIA
Término de materia o nombre geográfico como elemento de entrada SOCIEDAD CONTEMPORANEA
9 (RLIN) 21871
659 ## -
-- SOCIEDAD Y CULTURA
700 ## - ENTRADA AGREGADA--NOMBRE PERSONAL
Nombre de persona Young, K
9 (RLIN) 34664
942 ## - ELEMENTOS DE ENTRADA SECUNDARIOS (KOHA)
Tipo de ítem Koha Colección General
Holdings
Estatus retirado Estado de pérdida Estado de daño No para préstamo Biblioteca de origen Biblioteca actual Fecha de adquisición Número de inventario Total de préstamos Signatura topográfica completa Código de barras Visto por última vez Precio de reemplazo Tipo de ítem Koha
        Biblioteca Pluis Biblioteca Pluis 27/10/2025 044122   303.38 Y8 044122 27/10/2025 27/10/2025 Colección General